01472nam a2200373 a 450000100060000000300100000600500170001600700030003300800410003602000220007702000210009902000210012002000210014102000210016202000210018304000260020408200140023008400060024410000220025024500880027225000120036030000370037233600270040933700330043633800280046950000330049750001210053050000400065150502430069165000380093465000680097265000410104070000170108160227CO-BoRNBP20251216210314.0ta050523s2004 ck a g t 0 0 0 spa  a9589085946 (o.c.) a9589085954 (v.1) a9589085962 (v.2) a9589085970 (v.3) a9589085989 (v.4) a9589085997 (v.5) aCO-BoBNbspacCO-BoBN04a005.3223 a01 aLoerincs, Gábor10aManual moderno de informática /c[Gábor Loerincs ; actualización Omar Zabala] a4a. ed. a5 v. :bil. ;c26 cm +e1 CD-ROM 2rdacontentatextobtxt 2rdamediaasin mediaciónbn 2rdacarrieravolumenbnc aIncluye glosario en el v. 5. aEn Cd-Rom: Fundamentos Windodws 98, Explorando su PC, Microsoft, Explorer, Introducción a Windows 2000, Sitios Web aAutor tomado de reverso de la port.0 av.1. Introducción a la computación -- Sistema operativo DOS -- v.2. Lenguaje de programación: Basic, Pascal, C -- v.3. El ambiente Windows -- v.4. Aplicaciones Windows: Word, Excel, Power point -- v.5. Multimedia, Internet, Pentium.14aMicrocomputadoresvManuales2LEMB24aLenguajes de programación (Computadores electrónicos)2LEMB24aInternet (Red de computadores)2LEMB1 aZabala, Omar